| 000 | 00367nam a2200109Ia 4500 | ||
|---|---|---|---|
| 008 | 171204s9999 xx 000 0 und d | ||
| 245 | _aSubjective Time: The Philosophy, Psychology, and Neuroscience of Temporality | ||
| 245 | _cDan Lloyd and Valtteri Arstila | ||
| 260 | _c2014 | ||
| 650 | _xNEURO PSYCHOLOGY | ||
| 856 | _uhttp://down.ebook777.com/042/9780262019941.pdf | ||
| 999 |
_c346457 _d346457 |
||